| 000 | 01214nam0a22002651 4500 | ||
|---|---|---|---|
| 001 | rc\4200171 | ||
| 005 | 20260406221705.0 | ||
| 021 |
_aRU _b[54-36002] |
||
| 035 | _a(NLR Aleph) 008202472 | ||
| 090 |
_a8045561 _c8045561 |
||
| 100 | _a20130415d1954 |||y0rusy50 ca | ||
| 101 | 0 | _arus | |
| 102 | _aRU | ||
| 105 | _ay c ||||| | ||
| 200 | 1 |
_aУказания по выявлению и ликвидации очагов колорадского жука _e[Утв. 10/VI 1954 г.] _fМ-во сельского хозяйства СССР. Упр. по карантину и борьбе с вредителями с.-х. растений |
|
| 210 |
_aКалининград _cгаз. "Калининградская правда" _d1954 |
||
| 215 |
_a16 с. _d17 |
||
| 606 |
_aКартофель _xБолезни и вредители _2psbo |
||
| 606 |
_aКолорадский жук _2psbo |
||
| 712 | 0 | 1 |
_aСССР _bУправление по карантину и борьбе с вредителями сельскохозяйственных растений _3RU\NLR\AUTH\889976494 _9449765 |
| 801 | 0 |
_aRU _bNLR _gpsbo |
|
| 801 | 1 |
_aRU _bELAR _2rusmarc |
|
| 852 |
_aNLR _jС70 Г-2/143 |
||
| 942 | _cBOOK | ||
| 980 | _aNB | ||